[Event "Titled Tuesday intern op 12th Dec Early"]
[Site "Chess.com INT"]
[Date "2023.12.12"]
[Round "2"]
[White "Herman, Matthew J"]
[Black "Shapiro, Daniel E"]
[Result "1-0"]
[WhiteElo "2383"]
[BlackElo "2284"]
[PlyCount "115"]
[EventDate "2023.12.12"]
[EventType "swiss (blitz)"]
[EventRounds "11"]
[EventCountry "USA"]
[SourceTitle "CB51_2023"]
[SourceDate "2023.12.20"]
[SourceVersion "1"]
[SourceVersionDate "2023.12.20"]
[SourceQuality "1"]

1. e4 c5 2. Nf3 Nc6 3. Bb5 e6 4. c3 d5 5. d3 Bd6 6. 0-0 Qc7 7. Re1 Nge7 8. e5 0-0 9. exd6 Qxd6 10. d4 c4 11. Bg5 f6 12. Bh4 Nf5 13. Bg3 Nxg3 14. hxg3 Bd7 15. Bxc6 Bxc6 16. Re3 Rae8 17. Qe2 b5 18. a3 a5 19. Nbd2 Bd7 20. Re1 Rb8 21. Nh4 b4 22. axb4 axb4 23. f4 bxc3 24. bxc3 Rb2 25. Nhf3 Ra8 26. Rxe6 Bxe6 27. Qxe6+ Qxe6 28. Rxe6 Raa2 29. Rd6 Rxd2 30. Nxd2 Rxd2 31. Rxd5 Rd3 32. Kf2 Rxc3 33. Rc5 Rc2+ 34. Kf3 g6 35. g4 Kf7 36. f5 Rc3+ 37. Kf2 Rc2+ 38. Kf3 Rc3+ 39. Ke4 Rg3 40. Kf4 Rxg2 41. Rxc4 g5+ 42. Kf3 Rd2 43. Rc7+ Kf8 44. Ke4 Rg2 45. Kd5 Re2 46. Rxh7 Ke8 47. Ra7 Kf8 48. Ra6 Kf7 49. Ra7+ Kf8 50. Ra6 Kf7 51. Re6 Rg2 52. Re4 Ra2 53. Kc6 Ra6+ 54. Kb5 Ra1 55. d5 Rd1 56. Kc6 Rc1+ 57. Kd6 Kf8 58. Kd7 1-0

[Event "Titled Tuesday intern op 12th Dec Early"]
[Site "Chess.com INT"]
[Date "2023.12.12"]
[Round "7"]
[White "Mestnikov, Aisen"]
[Black "Shapiro, Daniel E"]
[Result "1-0"]
[WhiteElo "2086"]
[BlackElo "2284"]
[PlyCount "63"]
[EventDate "2023.12.12"]
[EventType "swiss (blitz)"]
[EventRounds "11"]
[EventCountry "USA"]
[SourceTitle "CB51_2023"]
[SourceDate "2023.12.20"]
[SourceVersion "1"]
[SourceVersionDate "2023.12.20"]
[SourceQuality "1"]

1. d4 Nf6 2. c4 e6 3. g3 d5 4. Bg2 Bb4+ 5. Bd2 Be7 6. Nf3 c6 7. 0-0 0-0 8. Qc2 b6 9. Bf4 Nbd7 10. Rd1 Bb7 11. Nc3 Rc8 12. Qa4 a5 13. Nd2 dxc4 14. Qxc4 b5 15. Qb3 Nd5 16. e4 Nxf4 17. gxf4 b4 18. Na4 c5 19. Nc4 cxd4 20. Rxd4 Qc7 21. Rad1 Nf6 22. e5 Nd5 23. f5 Kh8 24. Qh3 Bg5 25. Nd6 Rcd8 26. Nxb7 Qxb7 27. fxe6 fxe6 28. Qxe6 Qf7 29. Qxf7 Rxf7 30. Rxd5 Rdf8 31. Nc5 Re7 32. Rd8 1-0

[Event "Titled Tuesday intern op 24th Oct Late"]
[Site "Chess.com INT"]
[Date "2023.10.24"]
[Round "8"]
[White "Mazurkiewicz, Michal"]
[Black "Shapiro, Daniel E"]
[Result "1-0"]
[WhiteElo "2145"]
[BlackElo "2284"]
[PlyCount "65"]
[EventDate "2023.10.24"]
[EventType "swiss (blitz)"]
[EventRounds "11"]
[EventCountry "USA"]
[SourceTitle "Mega2024 Update 01"]
[Source "Chessbase"]
[SourceDate "2023.11.12"]
[SourceVersion "1"]
[SourceVersionDate "2023.11.12"]
[SourceQuality "1"]

1. e4 c5 2. Nf3 Nc6 3. g3 e6 4. d3 g6 5. Bg2 Bg7 6. 0-0 Nge7 7. Re1 e5 8. Nc3 d6 9. Nd2 0-0 10. Nc4 Be6 11. Nd5 h6 12. a4 f5 13. f4 Rf7 14. c3 Qd7 15. a5 Raf8 16. Qa4 Qd8 17. Be3 exf4 18. gxf4 a6 19. Qb3 Nc8 20. Bf2 fxe4 21. dxe4 Bxd5 22. exd5 N6a7 23. Bg3 h5 24. h4 Bh6 25. Rf1 Bxf4 26. Bxf4 Rxf4 27. Qxb7 Qxh4 28. Nxd6 Qg3 29. Nxc8 Nxc8 30. Rxf4 Rxf4 31. Qxc8+ Rf8 32. Qxc5 h4 33. Rf1 1-0

[Event "Titled Tuesday intern op 24th Oct Late"]
[Site "Chess.com INT"]
[Date "2023.10.24"]
[Round "5"]
[White "Yeritsyan, Hayk"]
[Black "Shapiro, Daniel E"]
[Result "1-0"]
[WhiteElo "2197"]
[BlackElo "2284"]
[PlyCount "83"]
[EventDate "2023.10.24"]
[EventType "swiss (blitz)"]
[EventRounds "11"]
[EventCountry "USA"]
[SourceTitle "Mega2024 Update 01"]
[Source "Chessbase"]
[SourceDate "2023.11.12"]
[SourceVersion "1"]
[SourceVersionDate "2023.11.12"]
[SourceQuality "1"]

1. d4 Nf6 2. Nf3 b6 3. Bf4 Bb7 4. e3 e6 5. Nbd2 d6 6. h3 Nbd7 7. c3 Qe7 8. Bh2 g6 9. Be2 Bg7 10. 0-0 0-0 11. Rc1 e5 12. Nc4 e4 13. Nfd2 h5 14. Re1 Rfe8 15. Na3 Nf8 16. c4 Rad8 17. Nb5 a6 18. Nc3 N8h7 19. Qc2 g5 20. Nd5 Qd7 21. a3 g4 22. hxg4 hxg4 23. Nxf6+ Nxf6 24. Bf4 Qf5 25. g3 Nh7 26. Qd1 Bc8 27. Bf1 Ng5 28. Bxg5 Qxg5 29. Bg2 f5 30. Qc2 Kh7 31. b4 Rh8 32. c5 bxc5 33. bxc5 a5 34. Qc4 Qh5 35. Rb1 Kg6 36. Kf1 dxc5 37. Qxc5 Ba6+ 38. Nc4 Rb8 39. Qc6+ Kh7 40. Qxa6 f4 41. Bxe4+ Kg8 42. Qe6+ 1-0

[Event "Titled Tuesday intern op 26th Sep Late"]
[Site "Chess.com INT"]
[Date "2023.09.26"]
[Round "10"]
[White "Mesa Cruz, Juan Carlos"]
[Black "Shapiro, Daniel E"]
[Result "0-1"]
[WhiteElo "2139"]
[BlackElo "2284"]
[PlyCount "64"]
[EventDate "2023.09.26"]
[EventType "swiss (blitz)"]
[EventRounds "11"]
[EventCountry "USA"]
[SourceTitle "EXT 2024"]
[Source "ChessBase"]
[SourceDate "2023.10.10"]
[SourceVersion "1"]
[SourceVersionDate "2023.10.10"]
[SourceQuality "1"]

1. d3 g6 2. Nf3 Bg7 3. g3 d5 4. Bg2 Nf6 5. 0-0 0-0 6. Nbd2 c5 7. e4 Nc6 8. exd5 Nxd5 9. Ne4 b6 10. a4 h6 11. Re1 Bb7 12. Rb1 Rc8 13. c3 Qc7 14. h3 Rcd8 15. Qc2 e5 16. Nfd2 f5 17. Qb3 Na5 18. Qa2 Kh7 19. b4 fxe4 20. bxa5 Nxc3 21. Qc2 Nxb1 22. Qxb1 exd3 23. axb6 axb6 24. Bxb7 Qxb7 25. Nc4 Rd4 26. Nxe5 Bxe5 27. Rxe5 d2 28. Bxd2 Rxd2 29. Re6 Qf7 30. Qe1 Rxf2 31. Re7 Rf1+ 32. Kh2 Rxe1 0-1

[Event "Titled Tuesday intern op 26th Sep Late"]
[Site "Chess.com INT"]
[Date "2023.09.26"]
[Round "2"]
[White "Pon, Matt"]
[Black "Shapiro, Daniel E"]
[Result "1-0"]
[WhiteElo "2185"]
[BlackElo "2284"]
[PlyCount "85"]
[EventDate "2023.09.26"]
[EventType "swiss (blitz)"]
[EventRounds "11"]
[EventCountry "USA"]
[SourceTitle "EXT 2024"]
[Source "ChessBase"]
[SourceDate "2023.10.10"]
[SourceVersion "1"]
[SourceVersionDate "2023.10.10"]
[SourceQuality "1"]

1. e4 c5 2. Nf3 d6 3. g3 Nc6 4. Bg2 g6 5. 0-0 Bg7 6. c3 e5 7. d3 Nge7 8. a3 0-0 9. b4 cxb4 10. axb4 b5 11. Nbd2 h6 12. Nb3 f5 13. exf5 gxf5 14. Nh4 Be6 15. Na5 Rc8 16. Bd2 d5 17. Nb7 Qc7 18. Nc5 Bf7 19. Bh3 a5 20. Nxf5 Nxf5 21. Bxf5 Rce8 22. Qg4 Kh8 23. Qh3 Qd6 24. Nb7 Qf6 25. Nxa5 Ne7 26. Bg4 Ng6 27. Bxh6 Kg8 28. Bd2 Be6 29. Nb7 Bxg4 30. Qxg4 Qf7 31. Nd6 Qe6 32. Qxe6+ Rxe6 33. Nxb5 Rc6 34. Ra7 d4 35. c4 e4 36. dxe4 Ne5 37. Nxd4 Rd6 38. Be3 Rxd4 39. Bxd4 Nf3+ 40. Kg2 Bxd4 41. Rd7 Be5 42. c5 Ng5 43. f4 1-0

[Event "Titled Tuesday intern op 26th Sep Late"]
[Site "Chess.com INT"]
[Date "2023.09.26"]
[Round "11"]
[White "Shapiro, Daniel E"]
[Black "Sultanbek, Zeinep"]
[Result "1-0"]
[WhiteElo "2284"]
[BlackElo "2022"]
[PlyCount "53"]
[EventDate "2023.09.26"]
[EventType "swiss (blitz)"]
[EventRounds "11"]
[EventCountry "USA"]
[SourceTitle "EXT 2024"]
[Source "ChessBase"]
[SourceDate "2023.10.10"]
[SourceVersion "1"]
[SourceVersionDate "2023.10.10"]
[SourceQuality "1"]

1. d4 d5 2. c4 e6 3. Nf3 Nf6 4. g3 Bb4+ 5. Bd2 Be7 6. Bg2 0-0 7. Qc2 Nbd7 8. 0-0 c6 9. Rd1 b6 10. Bf4 Bb7 11. Nc3 Rc8 12. Nd2 c5 13. dxc5 bxc5 14. cxd5 exd5 15. Nc4 Nb6 16. Ne3 Ba8 17. Nf5 d4 18. Bxa8 Rxa8 19. e3 g6 20. Nxe7+ Qxe7 21. exd4 cxd4 22. Rxd4 Rfd8 23. Rad1 Rxd4 24. Rxd4 Re8 25. Qd2 Ng4 26. h3 Ne5 27. Re4 1-0

[Event "Titled Tuesday intern op 12th Sep Early"]
[Site "Chess.com INT"]
[Date "2023.09.12"]
[Round "6"]
[White "Majella, Yoseph Rudijanto"]
[Black "Shapiro, Daniel E"]
[Result "1-0"]
[WhiteElo "2130"]
[BlackElo "2284"]
[PlyCount "57"]
[EventDate "2023.09.12"]
[EventType "swiss (blitz)"]
[EventRounds "11"]
[EventCountry "USA"]
[SourceTitle "EXT 2024"]
[Source "ChessBase"]
[SourceDate "2023.10.10"]
[SourceVersion "1"]
[SourceVersionDate "2023.10.10"]
[SourceQuality "1"]

1. e4 c5 2. Nf3 d6 3. c3 e5 4. d4 Nd7 5. Bc4 Be7 6. Qb3 Nb6 7. Bxf7+ Kf8 8. dxe5 dxe5 9. Bxg8 Rxg8 10. Nxe5 c4 11. Qc2 Bd6 12. Nf3 Bg4 13. Nd4 Qe7 14. 0-0 Re8 15. Be3 Bb8 16. Nd2 g5 17. Rae1 Kg7 18. h3 Bd7 19. N4f3 h6 20. Bd4+ Kf8 21. e5 Qf7 22. Qe4 Bf5 23. Qe3 Bd3 24. e6 Qg6 25. e7+ Kf7 26. Ne5+ Bxe5 27. Qxe5 Bxf1 28. Nxf1 Nc8 29. Qd5+ 1-0

[Event "Titled Tuesday intern op 12th Sep Late"]
[Site "Chess.com INT"]
[Date "2023.09.12"]
[Round "3"]
[White "Nilsen, Tobias Lang"]
[Black "Shapiro, Daniel E"]
[Result "1-0"]
[WhiteElo "2219"]
[BlackElo "2284"]
[PlyCount "65"]
[EventDate "2023.09.12"]
[EventType "swiss (blitz)"]
[EventRounds "11"]
[EventCountry "USA"]
[SourceTitle "EXT 2024"]
[Source "ChessBase"]
[SourceDate "2023.10.10"]
[SourceVersion "1"]
[SourceVersionDate "2023.10.10"]
[SourceQuality "1"]

1. f4 Nf6 2. Nf3 g6 3. g3 c5 4. Bg2 d6 5. 0-0 Nc6 6. d3 Bg7 7. Nc3 0-0 8. e4 Bd7 9. h3 Rb8 10. g4 Ne8 11. Qe1 f5 12. exf5 gxf5 13. Qg3 Nc7 14. Bd2 b5 15. Rae1 b4 16. Nd1 Nd4 17. Nxd4 Bxd4+ 18. Kh1 fxg4 19. hxg4 Kh8 20. Be3 Bg7 21. Qh4 e5 22. Qxd8 Rbxd8 23. f5 h5 24. gxh5 Rxf5 25. Rxf5 Bxf5 26. Rf1 Be6 27. h6 Bf8 28. Bg5 Re8 29. Bf6+ Kh7 30. Be4+ Kxh6 31. Rf2 Kh5 32. Ne3 Bh3 33. Rh2 1-0

[Event "Titled Tuesday intern op 12th Sep Late"]
[Site "Chess.com INT"]
[Date "2023.09.12"]
[Round "2"]
[White "Shapiro, Daniel E"]
[Black "Fishbein, Alexander"]
[Result "0-1"]
[WhiteElo "2284"]
[BlackElo "2378"]
[PlyCount "62"]
[EventDate "2023.09.12"]
[EventType "swiss (blitz)"]
[EventRounds "11"]
[EventCountry "USA"]
[SourceTitle "EXT 2024"]
[Source "ChessBase"]
[SourceDate "2023.10.10"]
[SourceVersion "1"]
[SourceVersionDate "2023.10.10"]
[SourceQuality "1"]

1. d4 Nf6 2. c4 g6 3. Nc3 Bg7 4. e4 d6 5. Be2 0-0 6. Nf3 e5 7. 0-0 Nbd7 8. d5 Nc5 9. Nd2 a5 10. b3 Bh6 11. Rb1 Bxd2 12. Bxd2 Ncxe4 13. Nxe4 Nxe4 14. Be1 f5 15. f3 Nf6 16. f4 exf4 17. Rxf4 Qe7 18. Rf3 Re8 19. Bf1 f4 20. Bc3 Bg4 21. Bd4 Bxf3 22. gxf3 Nd7 23. Bd3 Ne5 24. Bc2 Qg5+ 25. Kh1 Qh5 26. Kg2 Nxf3 27. Ba1 Nh4+ 28. Kh1 Qxd1+ 29. Rxd1 Nf5 30. Rf1 Ne3 31. Rf2 Nxc2 0-1

[Event "Titled Tuesday intern op 12th Sep Late"]
[Site "Chess.com INT"]
[Date "2023.09.12"]
[Round "1"]
[White "Shapiro, Daniel E"]
[Black "Hristodoulou, Panagiotis"]
[Result "1-0"]
[WhiteElo "2284"]
[BlackElo "2358"]
[PlyCount "111"]
[EventDate "2023.09.12"]
[EventType "swiss (blitz)"]
[EventRounds "11"]
[EventCountry "USA"]
[SourceTitle "EXT 2024"]
[Source "ChessBase"]
[SourceDate "2023.10.10"]
[SourceVersion "1"]
[SourceVersionDate "2023.10.10"]
[SourceQuality "1"]

1. d4 Nf6 2. c4 e6 3. g3 Bb4+ 4. Bd2 Qe7 5. Nf3 Nc6 6. Bg2 0-0 7. 0-0 Bxd2 8. Qxd2 d6 9. Nc3 e5 10. Nd5 Nxd5 11. cxd5 Nxd4 12. Nxd4 exd4 13. Rfe1 Bd7 14. Qxd4 c5 15. dxc6 Bxc6 16. Rad1 Bxg2 17. Kxg2 Rfd8 18. e4 b6 19. f4 Rac8 20. Rd2 h6 21. Red1 Re8 22. Kf3 Qb7 23. Qd5 Qa6 24. a3 Qa4 25. Rd4 Qc2 26. R4d2 Qa4 27. Rd4 Qa6 28. Qxd6 Rc2 29. R4d2 Rxd2 30. Qxd2 Qb7 31. Qd5 Qe7 32. e5 Rf8 33. Qc6 Rd8 34. Rxd8+ Qxd8 35. Qd6 Qa8+ 36. Ke3 Qg2 37. Qd8+ Kh7 38. Qd2 Qg1+ 39. Ke4 Qh1+ 40. Kd4 Qc6 41. b4 Qf3 42. Qd3+ Qxd3+ 43. Kxd3 Kg8 44. f5 Kf8 45. Ke4 Ke7 46. g4 Kd7 47. Kd5 Kc7 48. b5 Kd7 49. h4 Kc7 50. e6 f6 51. e7 Kd7 52. e8Q+ Kxe8 53. Kc6 Kd8 54. Kb7 Kd7 55. Kxa7 Kc7 56. a4 1-0

[Event "Titled Tuesday intern op 12th Sep Early"]
[Site "Chess.com INT"]
[Date "2023.09.12"]
[Round "9"]
[White "Shapiro, Daniel E"]
[Black "Lye, Sverre"]
[Result "0-1"]
[WhiteElo "2284"]
[BlackElo "1996"]
[PlyCount "56"]
[EventDate "2023.09.12"]
[EventType "swiss (blitz)"]
[EventRounds "11"]
[EventCountry "USA"]
[SourceTitle "EXT 2024"]
[Source "ChessBase"]
[SourceDate "2023.10.10"]
[SourceVersion "1"]
[SourceVersionDate "2023.10.10"]
[SourceQuality "1"]

1. d4 Nf6 2. c4 e6 3. g3 d5 4. Nf3 Bb4+ 5. Bd2 Be7 6. Bg2 0-0 7. Qc2 Nbd7 8. 0-0 c6 9. Rd1 Ne4 10. Be1 f5 11. Ne5 Bf6 12. Nc3 Nxc3 13. Qxc3 Qc7 14. cxd5 Nxe5 15. dxe5 Bxe5 16. Qc2 cxd5 17. Rac1 Qxc2 18. Rxc2 Bd7 19. Bb4 Rfc8 20. Rdd2 Kf7 21. b3 b6 22. e3 a5 23. Ba3 Bc3 24. Rd1 Bb4 25. Bxb4 Rxc2 26. Bd6 Rac8 27. a3 Rc1 28. Rf1 Bb5 0-1

[Event "Titled Tuesday intern op 12th Sep Early"]
[Site "Chess.com INT"]
[Date "2023.09.12"]
[Round "3"]
[White "Shapiro, Daniel E"]
[Black "Vlassov, Nikolai"]
[Result "0-1"]
[WhiteElo "2284"]
[BlackElo "2283"]
[PlyCount "58"]
[EventDate "2023.09.12"]
[EventType "swiss (blitz)"]
[EventRounds "11"]
[EventCountry "USA"]
[SourceTitle "EXT 2024"]
[Source "ChessBase"]
[SourceDate "2023.10.10"]
[SourceVersion "1"]
[SourceVersionDate "2023.10.10"]
[SourceQuality "1"]

1. d4 Nf6 2. c4 Nc6 3. Nf3 e6 4. a3 g6 5. Nc3 Bg7 6. e4 d6 7. Be2 0-0 8. Be3 e5 9. d5 Ne7 10. Nd2 Ne8 11. b4 f5 12. f3 Kh8 13. 0-0 Ng8 14. c5 Bh6 15. Nc4 Bd7 16. Qd2 Bxe3+ 17. Qxe3 Qh4 18. Rac1 Ngf6 19. c6 bxc6 20. dxc6 Bxc6 21. Na5 Bd7 22. Bb5 Bxb5 23. Nxb5 fxe4 24. Nxc7 Nxc7 25. Rxc7 exf3 26. Qxf3 Nd7 27. Qg3 Qd4+ 28. Rf2 Qd1+ 29. Rf1 Qxf1# 0-1

[Event "Titled Tuesday intern op 05th Sep Late"]
[Site "Chess.com INT"]
[Date "2023.09.05"]
[Round "6"]
[White "Gallana, Marco"]
[Black "Shapiro, Daniel E"]
[Result "1-0"]
[WhiteElo "2289"]
[BlackElo "2284"]
[PlyCount "69"]
[EventDate "2023.09.05"]
[EventType "swiss (blitz)"]
[EventRounds "11"]
[EventCountry "USA"]
[SourceTitle "EXT 2024"]
[Source "ChessBase"]
[SourceDate "2023.10.10"]
[SourceVersion "1"]
[SourceVersionDate "2023.10.10"]
[SourceQuality "1"]

1. d4 Nf6 2. c4 e6 3. Nc3 Bb4 4. Nf3 d5 5. Bg5 0-0 6. e3 c6 7. a3 Be7 8. Qc2 Nbd7 9. Rc1 h6 10. Bh4 b6 11. Bd3 Bb7 12. 0-0 Rc8 13. Rfd1 c5 14. cxd5 Nxd5 15. Bxe7 Qxe7 16. Bf1 Nxc3 17. bxc3 Bxf3 18. gxf3 cxd4 19. Rxd4 Ne5 20. Bg2 Qxa3 21. f4 Nc6 22. Rd7 a5 23. Rb1 Qc5 24. Rb7 Nb4 25. Qa4 Qxc3 26. Rxb6 Nd3 27. Be4 Nc5 28. Qc2 Qxc2 29. Bxc2 a4 30. Ra1 Nd7 31. Rb2 Nc5 32. Bxa4 Ra8 33. Rba2 Ra5 34. Bc2 Rfa8 35. Rxa5 1-0

[Event "Titled Tuesday intern op 05th Sep Late"]
[Site "Chess.com INT"]
[Date "2023.09.05"]
[Round "7"]
[White "Shapiro, Daniel E"]
[Black "Vargas, Mauricio"]
[Result "1-0"]
[WhiteElo "2284"]
[BlackElo "1961"]
[PlyCount "61"]
[EventDate "2023.09.05"]
[EventType "swiss (blitz)"]
[EventRounds "11"]
[EventCountry "USA"]
[SourceTitle "EXT 2024"]
[Source "ChessBase"]
[SourceDate "2023.10.10"]
[SourceVersion "1"]
[SourceVersionDate "2023.10.10"]
[SourceQuality "1"]

1. d4 d5 2. c4 c6 3. Nf3 e6 4. Qb3 Nf6 5. Nc3 Nbd7 6. Bg5 Bd6 7. e3 0-0 8. Qc2 Qe8 9. Be2 h5 10. 0-0 Ne4 11. Nxe4 dxe4 12. Qxe4 f6 13. Bf4 Bxf4 14. exf4 Rf7 15. Rfe1 Nf8 16. d5 cxd5 17. cxd5 Re7 18. Bc4 e5 19. d6+ Rf7 20. fxe5 fxe5 21. Nxe5 Be6 22. Nxf7 Kxf7 23. Qf5+ Kg8 24. Bxe6+ Nxe6 25. Qxe6+ Qxe6 26. Rxe6 Rd8 27. Rd1 Kf7 28. Re7+ Kf6 29. Rxb7 a5 30. Ra7 Ke6 31. Rxa5 1-0